| 000 | 00420pam a2200133 a 4500 | ||
|---|---|---|---|
| 020 | _a0387137475 (U.S.) | ||
| 050 | 0 | 0 |
_aQD191 _b.S6 L54 |
| 100 | 1 |
_aLiebau, Friedrich, _d1926- |
|
| 245 | 1 | 0 |
_aStructural chemistry of silicates : _bstructure, bonding, and classification / _cFriedrich Liebau. |
| 260 |
_aBerlin ; _aNew York : _bSpringer-Verlag, _cc1985. |
||
| 300 | _axii, 347 p. : | ||
| 500 | _aIncludes indexes. | ||
| 942 | _cGEN | ||
| 999 |
_c1910 _d1910 |
||